|
|
|
|
| LEADER |
00989nem a2200265 a 4500 |
| 001 |
000569928 |
| 003 |
CZ BrMZK |
| 005 |
20000105143423.0 |
| 008 |
000105s1985 xo f slo d |
| 040 |
|
|
|a BOA001
|b cze
|c BOA001
|
| 080 |
|
|
|a 912(437.61):55
|2 MRF
|
| 100 |
1 |
|
|a Hrašna, Miroslav,
|d 1938-
|7 mzk2003180690
|
| 245 |
1 |
0 |
|a Inžinierskogeologická mapa Záhorskej nížiny
|h [kartografický dokument] /
|c Miroslav Hrašna, Jána Vlčko
|
| 250 |
|
|
|a 1. vyd.
|
| 255 |
|
|
|a 1:50 000
|
| 260 |
|
|
|a Bratislava :
|b Geologický ústav Dionýza Štúra,
|c 1985
|
| 300 |
|
|
|a 1 list ;
|c 116 x 84 cm +
|e Vysvětlivky, 104 s.
|
| 490 |
1 |
|
|a Regionálne geologické mapy Slovenska
|
| 500 |
|
|
|a Barev. slož. mp. s vysvět
|
| 500 |
|
|
|a Náz. a text na obalu též angl.
|
| 700 |
1 |
|
|a Vlčko, Ján
|
| 830 |
|
0 |
|a Regionálne geologické mapy Slovenska
|
| 910 |
|
|
|a BOA001
|b Mp4-0898.532
|
| 990 |
|
|
|a MP
|
| 996 |
6 |
|
|b 2619722398
|c Mp4-0898.532
|l MZK
|r Sklad / do 1 hodiny
|n 3
|w 000569928
|u 000010
|a 1
|e BOA001
|j MZK50
|s P
|